000 00698nam a2200217Ia 4500
001 16890
003 GE_BSU
008 181216s||||||||xx |||||||||||||| ||und||
040 _cGE_BSU
080 _a821.161.1-2
100 _aტვარდოვსკი, ალექსანდრე
245 _aშორეთს იქითა შორეთი
245 _bპიესები
245 _cთარგმნა ოთ. ჭელიძემ
260 _aთბილისი
260 _bსაბჭ. საქართველო
260 _c1967
300 _a394გვ. ; 17სმ
653 _aშორეთს იქითა შორეთი
942 _cBK
999 _c49954
_d49954